Statistics for Every U.S. President as a Cartoon Character

Click here to take the quiz!

General Stats

  • This quiz has been taken 209 times
  • The average score is 23 of 45

Answer Stats

Answer% Correct
Abraham Lincoln
99%
Barack Obama
99%
Joe Biden
98%
John F. Kennedy
96%
George Washington
92%
Donald Trump
90%
George W. Bush
90%
Bill Clinton
87%
George H.W. Bush
85%
Ronald Reagan
82%
Richard Nixon
81%
Theodore Roosevelt
81%
Thomas Jefferson
75%
Dwight D. Eisenhower
70%
Harry Truman
66%
William Taft
62%
Ulysses S. Grant
60%
Woodrow Wilson
60%
Jimmy Carter
55%
Andrew Jackson
54%
Franklin D. Roosevelt
52%
John Adams
47%
James Madison
45%
Gerald R. Ford
41%
Martin Van Buren
38%
Grover Cleveland
36%
William Henry Harrison
35%
Lyndon B. Johnson
34%
Herbert Hoover
32%
John Quincy Adams
32%
Benjamin Harrison
28%
Calvin Coolidge
27%
Franklin Pierce
26%
James Monroe
26%
John Tyler
26%
Rutherford B. Hayes
26%
Warren Harding
26%
Zachary Taylor
25%
James Garfield
24%
James K. Polk
24%
Millard Fillmore
24%
Chester A. Arthur
23%
William McKinley
21%
Andrew Johnson
20%
James Buchanan
20%

Score Distribution

Percentile by Number Answered

Percent of People with Each Score

Your Score History

You have not taken this quiz